| 000 | 00444nab a2200145Ia 4500 | ||
|---|---|---|---|
| 003 | ES-SlBCS | ||
| 005 | 20211008203002.0 | ||
| 008 | 140529s1959 xxu||||| |||| 00| 0 ita d | ||
| 041 | _aita | ||
| 100 | 1 |
_aRossi, Margherita Maria _924218 |
|
| 245 | 0 | 0 |
_aPer una teoria generale della logica _c Margherita Maria Rossi |
| 650 | 0 | 4 |
_aLógica _914736 |
| 773 | 0 |
_tGiornali di Metafisica _gvol. 14, nº. 5, 1959, págs. 599-657 _w0017-0372 |
|
| 942 | _cAR | ||
| 999 |
_c586854 _d586854 |
||